000 00424nam a2200181Ia 4500
001 16259
005 20260306170256.0
008 260306t2012||||xx |||||||||||||| ||und||
041 _aESP
082 _a347.51
_bN63
100 _aNissen, Ricardo A.
_eAUT
245 0 _aCurso de derecho societario
260 _c2012
300 _a597 páginas :
_c23 cm.
650 _aGEN
654 _aCDE
942 _cLIB
_dJUS
_fJUS
_2ddc
_n
999 _c16259
_d16259